Organizational Behavior (Record no. 23683)
[ view plain ]
| 000 -LEADER | |
|---|---|
| fixed length control field | 00522nam a22002057a 4500 |
| 003 - CONTROL NUMBER IDENTIFIER | |
| control field | OSt |
| 005 - DATE AND TIME OF LATEST TRANSACTION | |
| control field | 20260410065255.0 |
| 008 - FIXED-LENGTH DATA ELEMENTS--GENERAL INFORMATION | |
| fixed length control field | 260410b |||||||| |||| 00| 0 eng d |
| 020 ## - INTERNATIONAL STANDARD BOOK NUMBER | |
| International Standard Book Number | 0132431564 |
| 022 ## - INTERNATIONAL STANDARD SERIAL NUMBER | |
| Source | 81-317-1132-3 |
| 040 ## - CATALOGING SOURCE | |
| Transcribing agency | ipstc |
| 050 ## - LIBRARY OF CONGRESS CALL NUMBER | |
| Classification number | HD58.7 |
| Item number | .R63 2008 |
| 100 ## - MAIN ENTRY--PERSONAL NAME | |
| Personal name | Robbins, P. Stephen |
| 245 ## - TITLE STATEMENT | |
| Title | Organizational Behavior |
| 250 ## - EDITION STATEMENT | |
| Edition statement | 12 edition |
| 504 ## - BIBLIOGRAPHY, ETC. NOTE | |
| Bibliography, etc. note | includes bibliographical references and index |
| 700 ## - ADDED ENTRY--PERSONAL NAME | |
| Personal name | Judge, A. Timothy |
| 700 ## - ADDED ENTRY--PERSONAL NAME | |
| Personal name | Sanghi, Seema |
| 942 ## - ADDED ENTRY ELEMENTS (KOHA) | |
| Source of classification or shelving scheme | Library of Congress Classification |
| Koha item type | Normal Collection |
| Suppress in OPAC | No |
| Withdrawn status | Lost status | Source of classification or shelving scheme | Damaged status | Not for loan | Home library | Current library | Date acquired | Inventory number | Total Checkouts | Full call number | Barcode | Date last seen | Price effective from | Koha item type |
|---|---|---|---|---|---|---|---|---|---|---|---|---|---|---|
| Library of Congress Classification | International Peace Support Training Centre (IPSTC) | International Peace Support Training Centre (IPSTC) | 10/04/2026 | 2583/2017 | HD58.7 .R63 2008 | 200125832017 | 10/04/2026 | 10/04/2026 | Normal Collection |